000 01378nam a2200325 i 4500
003 EG-GICUC
005 20260121101429.0
008 251204s2003 ua ||||fr|||| 000 0 ara d
040 _a EG-GICUC
_bara
_c EG-GICUC
_d EG-GICUC
_erda
041 _aara
082 0 4 _221
_a343.76910535
_bع ب . م
092 0 4 _221
099 _aLaw1 10 343.76910535 ع ب . م 1 ed - 2003
100 0 _aعبد الفتاح بيومي حجازي,
_eمؤلف.
245 1 2 _aالمعاملة الجنائية والاجتماعية للأطفال :
_bدراسة متعمقة في قانون الطفل المصري مقارنة بقانون الأحداث الإماراتي /
_cعبد الفتاح بيومي حجازي.
250 _aالطبعة الاولى
264 1 _aالإسكندرية :
_bدار الفكر للنشر,
_c2003.
300 _a270 صفحة ؛
_c24 سم
336 _2rda content
_atext
337 _2rda media
_aComputer
338 _2rda carrier
_aOnline Resource
504 _a. 260-259ببليوجرافيا: صفحات.
650 1 4 _aالمعاملة العقابية للأحداث
_2qrmak
650 1 4 _aالرعاية الإجتماعية للنزلاء
650 1 4 _aالرعاية الصحية للنزلاء
651 1 _2qrmak
856 4 0 _uhttps://fll.law.cu.edu.eg/fulltext/bks/B10-07011.pdf
905 _a79
_eHassnaa
942 _2ddc
_cBK
_e21
_n0
999 _c48311
_d48311